Regulačné armatúry.

Uložené v:
Podrobná bibliografia
Médium: Kniha
Jazyk:Slovak
Vydané: 2007.
Vydanie:1. vyd.
Témy:
On-line prístup:http://www.herz-sk.sk
http://www.herz.at
Fyzický popis: 4 s.
Tagy: Pridať tag
Žiadne tagy, Buďte prvý kto otaguje tento záznam!

MARC

LEADER 00000nam#a22000003a#4500
001 000335607
003 SVKKK
005 20071112101527.0
008 071112s2007 xo |||| 0 slo#d
040 |a SVK  |b slo  |c SVK  |e AACR2 
041 0 # |a slo 
044 |a xo  |c SK 
080 |a 621.646  |2 2001 
110 2 |a HERZ Armaturen  |c Rakúsko  |4 mfr 
245 1 0 |a Regulačné armatúry. 
250 |a 1. vyd. 
260 # |c 2007. 
300 |a 4 s. 
655 7 |a firemné prospekty  |2 SNKPH 
710 2 # |a HERZ s. r. o.  |c Šustekova 16, 850 05 Bratislava 55  |4 dst 
856 4 1 |u http://www.herz-sk.sk 
856 4 1 |u http://www.herz.at 
910 |a svkkk 
998 |a FL 
090 |g SCKHL  |k SK42  |a 621.646  |j 215508  |i I9408  |4 zastaraná  |s Vyradená